000 00475nam a22001577a 4500
003 OSt
008 260626b |||||||| |||| 00| 0 eng d
020 _a9788170196952
082 _a571.96
_bS13H
245 _aHost-Pathogen Interaction: A Molecular Approach / edited by Sangita Sahni and B.D. Prasad
260 _aDelhi :
_bToday & Tomorrow Printers and Publishers,
_c2021.
300 _a224 p.
700 _aSahni, Sangita
700 _aPrasad, B.D.
942 _2ddc
_cBK
999 _c52346
_d52346